[Event "Norway Chess - Armageddon"]
[Site "Stavanger"]
[Date "15.10.2020"]
[Round "9A"]
[White "Tari, Aryan"]
[Black "Aronian, Levon"]
[Result "0-1"]
[WhiteTitle "GM"]
[BlackTitle "GM"]
[WhiteElo "2633"]
[BlackElo "2767"]

1. e4 e5 2. Nf3 Nc6 3. d4 exd4 4. Nxd4 Nf6 5. Nxc6 bxc6 6. e5 Qe7 7. Qe2 Nd5 8.
h4 Qe6 9. g3 Bc5 10. c4 Nb6 11. Nd2 O-O 12. Bh3 Qe7 13. O-O Ba6 14. Re1 Rae8 15.
Ne4 Bd4 16. Nf6+ gxf6 17. Qg4+ Kh8 18. Qxd4 fxe5 19. Qc3 Bxc4 20. b3 Bd5 21. a4
f6 22. a5 Nc8 23. Be3 Nd6 24. Bc5 Qf7 25. b4 Rg8 26. a6 Nb5 27. Qd2 d6 28. Be3
f5 29. Bg5 f4 30. Kh2 Qg7 31. gxf4 h6 32. Rg1 hxg5 33. Rxg5 Qh7 34. Rag1 Nd4 0-1